| 000 | 01031nam a2200289Ia 4500 | ||
|---|---|---|---|
| 003 | OSt | ||
| 005 | 20221007125541.0 | ||
| 006 | a|||||r|||| 00| 0 | ||
| 007 | ta | ||
| 008 | 221006b |||||||| |||| 00| 0 eng d | ||
| 020 |
_a8173196206 (hbd) _c495.00 |
||
| 024 | _a13832 | ||
| 037 |
_b0065837, 29/03/2005, Narosa Book Distributors Pvt. Ltd. _cTextual |
||
| 040 |
_aCDL _cCDL _beng |
||
| 041 |
_2eng _aeng |
||
| 082 | _aE0aG:55, P5 Carc | ||
| 100 |
_aSrivastava M M Ed. _9722105 |
||
| 245 | 0 |
_aChemistry for green environment _b Sanghi Rashmi Ed. |
|
| 260 |
_aNew _bDelhi Narosa Publishing House _c2005 |
||
| 300 |
_axx, 364p. _ccm. |
||
| 500 | _aIncludes bibliographical references; Index 361-364p | ||
| 650 |
_a Green environment _9722106 |
||
| 650 |
_aEnviornmental biology _9722107 |
||
| 700 | _a Sanghi Rashmi Ed. | ||
| 942 |
_hE0aG:55, P5 Carc _cTEXL _2CC |
||
| 999 |
_c1215476 _d1215476 |
||